Quiz o Polsce. - Statystyki

Ogólne statystyki
  • Ten quiz został rozwiązany 23 razy
    12 od ostatniego zresetowania
  • Średni wynik to 8 z 15
Statystyki odpowiedzi
Hint Odpowiedź % Poprawnych
Najwyższy szczyt Polski. Rysy
100%
Największe miasto w Polsce wg. ludności. Warszawa
100%
Miasto z najwyższym budynkiem. Warszawa
100%
Najdłuższa rzeka Polski. Wisła
92%
Największe województwo. Mazowieckie
83%
Popularne miasto koło tatr. Zakopane
83%
Największe miasto w Polsce wg. granic. Gdańsk
67%
Najmniejsze województwo. Opolskie
67%
Najbardziej memiczne miasto. Radom
50%
Najniżej położone miasto w polsce. Elbląg
33%
Największa aglomeracja w Polsce. Górnośląska
25%
Wysokość szczytu. 2501
8%
Miasto słynące z największej produkcji porcelany. Ćmielów
8%
Najwyżej położona na północ miejscowość Jastrzębia góra
0%
Najniżej wysunięta miejscowość na południe. Wołosate
0%
Nie znaleziono quizów pasujących do podanych kryteriów
Rozkład punktacji
Procent ludzi z każdym wynikiem
Percentyl według liczby udzielonych odpowiedzi
Twoja historia wyników
Nie rozwiązałeś tego quizu od ostatniego zresetowania